000
00300nam a22001217a 4500
082
_a
823
_b
PEL/A
100
_a
PELLOUSKI, MICHAEL J
245
_a
ARCHIE - THE TROUBLE WITH CANDY
260
_a
UNITED STATES
_b
ARCHIE COMICS
_c
1991
300
_a
121
650
_a
ENGLISH STORY
_z
UNITED STATES
942
_c
BK
999
_c
7338
_d
7338